State Quiz - Rio Grande do Norte - Statistics

General Stats
  • This quiz has been taken 11 times
  • The average score is 9 of 15
Answer Stats
Hint Answer % Correct
Second largest city, starting with "M" Mossoró
100%
State capital Natal
100%
States that border Rio Grande do Norte Ceará
88%
States that border Rio Grande do Norte Paraíba
88%
Demonym of someone from Rio Grande do Norte Potiguar
88%
Fort at the mouth of the Potengi River Forte dos{Reis} {Magos}
75%
Which is the Portuguese word for this holiday that the city was founded on Christmas
63%
Atoll located 232 kilometers off the coast {Rocas} Atoll
63%
Country that took over Rio Grande do Norte in 1633 and persecuted Catholics Netherlands
50%
Name of the capital under the above until 1654 New {Amsterdam}
50%
The world's largest ______ tree, at 8,400 square meters, is found in Parnamirim Cashew
38%
Rocket launch base {Hell}'s Barrier
38%
Basketball player nicknamed the "Holy Hand of Brazil" Oscar Schmidt
38%
Around 95% of Brazil's sea ___ production comes from Rio Grande do Norte Salt
25%
Type of energy that Rio Grande do Norte is a leading producer of in the country Wind
25%
No matching quizzes found
Score Distribution
Percent of People with Each Score
Percentile by Number Answered
Your Score History
You have not taken this quiz